[Event "Pere Noel"]
[Site "Montreal CAN"]
[Date "2005.12.29"]
[Round "4"]
[White "Petit, Raymond"]
[Black "Girouard, Michel"]
[Result "1-0"]
[WhiteElo "1753"]
[BlackElo "1802"]
[PlyCount "149"]
[GameId "2160767910838125"]
[EventDate "2005.12.26"]
[EventType "swiss"]
[EventRounds "5"]
[EventCountry "CAN"]
[SourceTitle "EXT 2007"]
[Source "ChessBase"]
[SourceDate "2006.11.23"]
[SourceVersion "1"]
[SourceVersionDate "2006.11.23"]
[SourceQuality "1"]

1. d4 g6 2. c4 Bg7 3. Nc3 d6 4. e4 Nd7 5. f4 e5 6. fxe5 dxe5 7. d5 Qh4+ 8. g3 Qe7 9. Be3 Ngf6 10. Be2 O-O 11. Nh3 Nc5 12. Nf2 a5 13. Bf3 Nfd7 14. Qe2 f5 15. O-O-O Nf6 16. h4 fxe4 17. Ncxe4 Ncxe4 18. Nxe4 Nxe4 19. Bxe4 Bf5 20. Qd3 Bxe4 21. Qxe4 Qb4 22. a3 Qa4 23. d6 cxd6 24. Rxd6 Rac8 25. Qd5+ Kh8 26. c5 e4 27. g4 Qb5 28. Bd4 Rf1+ 29. Rxf1 Qxf1+ 30. Kc2 Qd3+ 31. Kc1 Qxd4 32. Qxd4 Bxd4 33. Rxd4 Rxc5+ 34. Kd2 Rb5 35. b4 axb4 36. axb4 Kg7 37. Ke3 Re5 38. Rd7+ Kf6 39. Rxb7 h5 40. g5+ Ke6 41. Rb6+ Kf7 42. Rf6+ Ke7 43. Rf4 Kd6 44. Rxe4 Rb5 45. Kd3 Rf5 46. Kc4 Rf1 47. Kb5 Rg1 48. Rf4 Rg4 49. Rf6+ Ke5 50. Rxg6 Rxh4 51. Kc5 Kf5 52. Rg8 Re4 53. b5 Re5+ 54. Kb4 h4 55. b6 Re4+ 56. Kc5 Re5+ 57. Kc6 Re6+ 58. Kc7 Re7+ 59. Kc8 Re2 60. b7 Rc2+ 61. Kd7 Rb2 62. Kc6 Rc2+ 63. Kd5 Rd2+ 64. Kc4 Rb2 65. b8=Q Rxb8 66. Rxb8 Kxg5 67. Kd4 Kf4 68. Rf8+ Kg3 69. Rg8+ Kf3 70. Rh8 Kg3 71. Ke3 h3 72. Rg8+ Kh2 73. Kf2 Kh1 74. Rh8 Kh2 75. Rh7 1-0

[Event "Pere Noel"]
[Site "Montreal CAN"]
[Date "2005.12.29"]
[Round "4"]
[White "Piche, Guy"]
[Black "Arsenault, Marc"]
[Result "1-0"]
[WhiteElo "1623"]
[BlackElo "1761"]
[PlyCount "65"]
[GameId "2160767910838126"]
[EventDate "2005.12.26"]
[EventType "swiss"]
[EventRounds "5"]
[EventCountry "CAN"]
[SourceTitle "EXT 2007"]
[Source "ChessBase"]
[SourceDate "2006.11.23"]
[SourceVersion "1"]
[SourceVersionDate "2006.11.23"]
[SourceQuality "1"]

1. f4 d5 2. e3 c5 3. b3 Nf6 4. Bb2 Nc6 5. Bb5 a6 6. Bxc6+ bxc6 7. Nf3 e6 8. Ne5 Qc7 9. O-O Bd6 10. d3 a5 11. a4 Ba6 12. Nd2 Rb8 13. Rb1 h5 14. Ndf3 h4 15. Ng5 Rf8 16. Ng4 Nh5 17. Qe1 Rh8 18. Bc3 Qa7 19. Qxh4 d4 20. Bd2 Qe7 21. exd4 cxd4 22. Bxa5 Kd7 23. Ne5+ Bxe5 24. fxe5 Rbf8 25. Qxd4+ Kc8 26. Qb6 Bb7 27. Ne4 Rd8 28. Nd6+ Rxd6 29. exd6 Qxd6 30. Rxf7 Qxh2+ 31. Kxh2 Nf4+ 32. Kg3 Nh5+ 33. Kf2 1-0

[Event "Pere Noel"]
[Site "Montreal CAN"]
[Date "2005.12.29"]
[Round "4"]
[White "Prahov, Valentin"]
[Black "Khassanov, Marat"]
[Result "1/2-1/2"]
[WhiteElo "2136"]
[BlackElo "2333"]
[PlyCount "96"]
[GameId "2160767910838128"]
[EventDate "2005.12.26"]
[EventType "swiss"]
[EventRounds "5"]
[EventCountry "CAN"]
[SourceTitle "EXT 2007"]
[Source "ChessBase"]
[SourceDate "2006.11.23"]
[SourceVersion "1"]
[SourceVersionDate "2006.11.23"]
[SourceQuality "1"]

1. e4 e6 2. d4 d5 3. e5 c5 4. c3 Nc6 5. Nf3 Bd7 6. Be2 f6 7. O-O Qc7 8. Bf4 Nge7 9. Re1 O-O-O 10. Na3 Ng6 11. Bg3 f5 12. Qd2 cxd4 13. Nb5 dxc3 14. bxc3 Qa5 15. Bd3 Qa4 16. h3 f4 17. Bh2 Ncxe5 18. Nxe5 Nxe5 19. Rxe5 Bxb5 20. Bxb5 Qxb5 21. Bxf4 Ba3 22. Rae1 Qb2 23. Qd4 Bd6 24. Rxe6 Bxf4 25. Qxf4 Rhf8 26. Qg3 g6 27. Re7 Rd7 28. Re8+ Rd8 29. R1e7 Qc1+ 30. Kh2 Qf4 31. Rxd8+ Kxd8 32. Rxb7 Qxg3+ 33. Kxg3 Rf6 34. Rxa7 Rc6 35. Ra3 Ke7 36. Kf4 Kf6 37. Rb3 Rc4+ 38. Ke3 Ke5 39. Kd3 Ra4 40. Rb2 h5 41. Kc2 Ra3 42. Kd3 Ra4 43. g3 g5 44. Ke3 Re4+ 45. Kd3 Ra4 46. Rd2 Ke6 47. Re2+ Kf5 48. Rb2 Ke5 1/2-1/2

[Event "Pere Noel"]
[Site "Montreal CAN"]
[Date "2005.12.29"]
[Round "4"]
[White "Rozybakiyev, Rasul"]
[Black "Luksza, Arkadiusz"]
[Result "0-1"]
[WhiteElo "1809"]
[BlackElo "2192"]
[PlyCount "88"]
[GameId "2160767910838129"]
[EventDate "2005.12.26"]
[EventType "swiss"]
[EventRounds "5"]
[EventCountry "CAN"]
[SourceTitle "EXT 2007"]
[Source "ChessBase"]
[SourceDate "2006.11.23"]
[SourceVersion "1"]
[SourceVersionDate "2006.11.23"]
[SourceQuality "1"]

1. e4 e6 2. d4 d5 3. exd5 exd5 4. Bd3 Nf6 5. Ne2 Nc6 6. O-O Be7 7. c3 O-O 8. Ng3 Re8 9. Nd2 Bf8 10. Nf3 g6 11. h3 Bg7 12. Bf4 Ne4 13. Re1 Nxg3 14. Bxg3 Be6 15. Qc2 Ne7 16. Re2 Nf5 17. Bh2 c6 18. Rae1 Nh4 19. Nxh4 Qxh4 20. Bg3 Qg5 21. Qb3 Re7 22. Qb4 Rd7 23. c4 a5 24. Qc5 Bf8 25. Qb6 dxc4 26. d5 Qxd5 27. Be4 Qc5 28. Qxc5 Bxc5 29. h4 Bb4 30. Rc1 Rad8 31. Kh2 Rd2 32. Rc2 Rxe2 33. Rxe2 Rd2 34. Rxd2 Bxd2 35. Be5 c3 36. a3 cxb2 37. Bxb2 f5 38. Bf3 Bd5 39. Be2 b5 40. Bd4 b4 41. axb4 Bxb4 42. Kg3 Bd6+ 43. Kh3 a4 44. g4 a3 0-1

[Event "Pere Noel"]
[Site "Montreal CAN"]
[Date "2005.12.30"]
[Round "5"]
[White "Dimev, Kiril"]
[Black "Gagnon, Michel"]
[Result "0-1"]
[WhiteElo "2021"]
[BlackElo "2114"]
[PlyCount "74"]
[GameId "2160767910838130"]
[EventDate "2005.12.26"]
[EventType "swiss"]
[EventRounds "5"]
[EventCountry "CAN"]
[SourceTitle "EXT 2007"]
[Source "ChessBase"]
[SourceDate "2006.11.23"]
[SourceVersion "1"]
[SourceVersionDate "2006.11.23"]
[SourceQuality "1"]

1. d4 b5 2. e4 Bb7 3. Bxb5 Bxe4 4. Nf3 e6 5. O-O Nf6 6. c4 Be7 7. Nc3 Bb7 8. a3 O-O 9. Re1 a5 10. d5 c6 11. d6 Bxd6 12. Qxd6 cxb5 13. cxb5 Bxf3 14. gxf3 Ne8 15. Qg3 d5 16. Bf4 Nd7 17. Kh1 Ndf6 18. Be5 Nd7 19. Bf4 g6 20. Rac1 Ng7 21. Bc7 Nf5 22. Bxd8 Nxg3+ 23. fxg3 Rfxd8 24. Na4 Rab8 25. Rc7 Rxb5 26. f4 Nf6 27. Rec1 Ne4 28. Ra7 h5 29. Rcc7 Nd6 30. Nc5 d4 31. b3 Rxc5 32. Rxc5 d3 33. Rc1 d2 34. Rd1 Nf5 35. Rxa5 Ne3 36. Rxd2 Rxd2 37. b4 Rd1# 0-1

[Event "Pere Noel"]
[Site "Montreal CAN"]
[Date "2005.12.30"]
[Round "5"]
[White "Hajiyev, Elshad"]
[Black "Rozybakiyev, Rasul"]
[Result "1-0"]
[WhiteElo "2150"]
[BlackElo "1809"]
[PlyCount "51"]
[GameId "2160767910838131"]
[EventDate "2005.12.26"]
[EventType "swiss"]
[EventRounds "5"]
[EventCountry "CAN"]
[SourceTitle "EXT 2007"]
[Source "ChessBase"]
[SourceDate "2006.11.23"]
[SourceVersion "1"]
[SourceVersionDate "2006.11.23"]
[SourceQuality "1"]

1. d4 d5 2. Nf3 Nf6 3. Bg5 e6 4. e3 Be7 5. Bd3 O-O 6. Nbd2 c5 7. c3 b6 8. Ne5 Bb7 9. Bxf6 Bxf6 10. Ndf3 Nc6 11. h4 g6 12. h5 Bg7 13. Qe2 Qc7 14. hxg6 fxg6 15. Nxc6 Qxc6 16. Ng5 h6 17. Nh3 e5 18. dxe5 Bxe5 19. Qg4 d4 20. Bxg6 Bg7 21. O-O-O dxc3 22. Rd7 Qf6 23. Rxb7 c2 24. Rxg7+ Qxg7 25. Qe6+ Kh8 26. Ng5 1-0

[Event "Pere Noel"]
[Site "Montreal CAN"]
[Date "2005.12.30"]
[Round "5"]
[White "Khassanov, Marat"]
[Black "Leutschaft, Martin"]
[Result "1/2-1/2"]
[WhiteElo "2333"]
[BlackElo "2090"]
[PlyCount "130"]
[GameId "2160767910838132"]
[EventDate "2005.12.26"]
[EventType "swiss"]
[EventRounds "5"]
[EventCountry "CAN"]
[SourceTitle "EXT 2007"]
[Source "ChessBase"]
[SourceDate "2006.11.23"]
[SourceVersion "1"]
[SourceVersionDate "2006.11.23"]
[SourceQuality "1"]

1. e4 c5 2. Nf3 d6 3. Bb5+ Bd7 4. Bxd7+ Qxd7 5. O-O Nc6 6. Re1 Nf6 7. c3 e6 8. d4 cxd4 9. cxd4 d5 10. e5 Ne4 11. Ng5 Nxg5 12. Bxg5 Bb4 13. Re3 h6 14. Bh4 g5 15. Bg3 O-O-O 16. Nc3 Bxc3 17. Rxc3 Kb8 18. Qd2 Ne7 19. f3 Rc8 20. Rac1 Rxc3 21. Rxc3 Rc8 22. Be1 Rxc3 23. Qxc3 Qa4 24. Qb4 Qd1 25. Qd2 Qb1 26. h4 gxh4 27. Kh2 Ng6 28. Qb4 Qxa2 29. Qb5 Qc4 30. Qe8+ Qc8 31. Qxf7 Nh8 32. Qg7 Qe8 33. Bxh4 Nf7 34. g4 Qd7 35. Qf8+ Kc7 36. Be7 Ng5 37. Kg3 b6 38. Bd6+ Kc6 39. Qxh6 Nf7 40. Qc1+ Kb7 41. Ba3 Nd8 42. Qc2 Nc6 43. Qd3 Qg7 44. b3 Qh6 45. Bb2 Ne7 46. Bc3 Qh1 47. Qc2 Qg1+ 48. Kf4 Nc6 49. Qd2 Qb1 50. b4 a6 51. Kg5 Qh7 52. Qf4 b5 53. Qd2 Qg7+ 54. Kh4 Qh7+ 55. Kg3 Qg6 56. Bb2 Kb6 57. Qc3 Kb7 58. Bc1 Qb1 59. Qc5 Qd3 60. Bb2 Qe2 61. Qc3 Qd1 62. Kf4 Qb1 63. Ke3 Qg1+ 64. Kd2 Qf2+ 65. Kc1 Qf1+ 1/2-1/2

[Event "Pere Noel"]
[Site "Montreal CAN"]
[Date "2005.12.30"]
[Round "5"]
[White "Malek, Omid"]
[Black "Benoit-Deschamps, Jean-Marc"]
[Result "1/2-1/2"]
[WhiteElo "2164"]
[BlackElo "2050"]
[PlyCount "127"]
[GameId "2160767910838134"]
[EventDate "2005.12.26"]
[EventType "swiss"]
[EventRounds "5"]
[EventCountry "CAN"]
[SourceTitle "EXT 2007"]
[Source "ChessBase"]
[SourceDate "2006.11.23"]
[SourceVersion "1"]
[SourceVersionDate "2006.11.23"]
[SourceQuality "1"]

1. e4 c5 2. Nf3 d6 3. d4 cxd4 4. Nxd4 Nf6 5. Nc3 g6 6. Be3 Bg7 7. f3 Nc6 8. Qd2 O-O 9. O-O-O Nxd4 10. Bxd4 Be6 11. g4 Qa5 12. Kb1 Rfc8 13. h4 Rab8 14. g5 Nh5 15. Bxg7 Kxg7 16. Qd4+ Qe5 17. Bh3 Qxd4 18. Rxd4 Bxh3 19. Rxh3 Nf4 20. Rh2 h6 21. gxh6+ Kxh6 22. Kc1 Rc5 23. Kd2 b5 24. a3 Kg7 25. Ke3 Rh5 26. Rdd2 Ne6 27. Nd5 Rb7 28. Rdg2 f6 29. Rg3 Kf7 30. Rhg2 Rh6 31. f4 Nc7 32. Nb4 Ne8 33. Nc6 Rd7 34. f5 gxf5 35. exf5 Rxh4 36. Nd4 Rh7 37. Ne6 Rh8 38. b4 d5 39. Kd4 Rd6 40. Kc5 a6 41. c3 Rd7 42. Kc6 Rd6+ 43. Kb7 Rxe6 44. fxe6+ Kxe6 45. Kxa6 Nd6 46. Rg7 Ra8+ 47. Kb6 Rxa3 48. Re2+ Ne4 49. Kxb5 Rxc3 50. Kb6 f5 51. b5 d4 52. Rg1 d3 53. Ra2 d2 54. Rd1 f4 55. Ka7 Rb3 56. Ra4 Kf5 57. b6 e5 58. Ra5 f3 59. b7 f2 60. Ra2 Kg4 61. Rda1 d1=Q 62. Rxd1 Nc3 63. Rxf2 Nxd1 64. Re2 1/2-1/2

[Event "Pere Noel"]
[Site "Montreal CAN"]
[Date "2005.12.30"]
[Round "5"]
[White "Petit, Raymond"]
[Black "Lopez Linares, Lizandro"]
[Result "1-0"]
[WhiteElo "1753"]
[BlackElo "1784"]
[PlyCount "57"]
[GameId "2160767910838136"]
[EventDate "2005.12.26"]
[EventType "swiss"]
[EventRounds "5"]
[EventCountry "CAN"]
[SourceTitle "EXT 2007"]
[Source "ChessBase"]
[SourceDate "2006.11.23"]
[SourceVersion "1"]
[SourceVersionDate "2006.11.23"]
[SourceQuality "1"]

1. d4 d5 2. c4 e6 3. cxd5 exd5 4. Nc3 Nf6 5. Bg5 c6 6. e3 Be7 7. Bd3 O-O 8. Qc2 Nbd7 9. Nf3 Re8 10. O-O Ne4 11. Bxe4 dxe4 12. Nxe4 Bxg5 13. Nexg5 Nf8 14. Rad1 h6 15. Nh3 Bxh3 16. gxh3 Qd5 17. Ne1 Qh5 18. e4 Qxh3 19. f3 Re6 20. Rd2 Ng6 21. Rg2 Rd8 22. Rg3 Qh5 23. f4 Nh4 24. f5 Red6 25. Nd3 f6 26. Nf4 Qf7 27. Ne6 Rxe6 28. fxe6 Qxe6 29. Rf4 1-0

[Event "Pere Noel"]
[Site "Montreal CAN"]
[Date "2005.12.30"]
[Round "5"]
[White "Prahov, Valentin"]
[Black "Gilman, Arkadiy"]
[Result "0-1"]
[WhiteElo "2136"]
[BlackElo "2089"]
[PlyCount "96"]
[GameId "2160767910838137"]
[EventDate "2005.12.26"]
[EventType "swiss"]
[EventRounds "5"]
[EventCountry "CAN"]
[SourceTitle "EXT 2007"]
[Source "ChessBase"]
[SourceDate "2006.11.23"]
[SourceVersion "1"]
[SourceVersionDate "2006.11.23"]
[SourceQuality "1"]

1. e4 e6 2. d4 d5 3. e5 c5 4. c3 Nc6 5. Nf3 Bd7 6. Be2 Nge7 7. a3 cxd4 8. cxd4 Na5 9. Nbd2 Rc8 10. O-O Qb6 11. b3 Nf5 12. Bb2 Be7 13. b4 Nc4 14. Nxc4 dxc4 15. Rc1 Qa6 16. d5 exd5 17. Qxd5 Be6 18. Qe4 h5 19. h3 h4 20. Nd2 b5 21. Bg4 g6 22. Nf3 Rg8 23. Qf4 Qb7 24. Rfd1 Bf8 25. Bxf5 gxf5 26. Rc3 Be7 27. Kh2 Rd8 28. Rxd8+ Bxd8 29. Bc1 a5 30. Be3 axb4 31. axb4 Qe4 32. Qh6 Bd5 33. Bc5 Qxe5+ 34. Nxe5 Rxg2+ 35. Kh1 Rg6+ 36. Kh2 Rxh6 37. f4 Ra6 38. Re3 Be4 39. Kg1 Ra2 40. Kf1 Bc7 41. Kg1 f6 42. Ng6 Kf7 43. Nxh4 Bxf4 44. Rc3 Bh2+ 45. Kf1 Bd3+ 46. Rxd3 cxd3 47. Nxf5 Ra1+ 48. Kf2 d2 0-1

[Event "Pere Noel"]
[Site "Montreal CAN"]
[Date "2005.12.30"]
[Round "5"]
[White "Robichaud, Louis"]
[Black "Charbonneau, Anne-Marie"]
[Result "0-1"]
[WhiteElo "2178"]
[BlackElo "1957"]
[PlyCount "78"]
[GameId "2160767910838138"]
[EventDate "2005.12.26"]
[EventType "swiss"]
[EventRounds "5"]
[EventCountry "CAN"]
[SourceTitle "EXT 2007"]
[Source "ChessBase"]
[SourceDate "2006.11.23"]
[SourceVersion "1"]
[SourceVersionDate "2006.11.23"]
[SourceQuality "1"]

1. e4 c5 2. Nc3 e6 3. g3 Nc6 4. Bg2 g6 5. d3 Bg7 6. f4 Nge7 7. Nf3 Nd4 8. O-O d6 9. Be3 O-O 10. e5 dxe5 11. fxe5 Nec6 12. Ne4 Nxf3+ 13. Qxf3 Nxe5 14. Qe2 Nd7 15. c3 Qc7 16. d4 c4 17. Nd2 Nb6 18. Bf4 e5 19. Bxe5 Bxe5 20. Qxe5 Qxe5 21. dxe5 Rb8 22. Ne4 Be6 23. Nd6 Rfd8 24. Rad1 Rd7 25. Ne4 Re7 26. Rf4 Bf5 27. g4 Be6 28. Nf6+ Kg7 29. Rfd4 Bc8 30. Rd8 Rxe5 31. Rf1 Ra8 32. h4 Be6 33. Rxa8 Nxa8 34. Bxb7 Nc7 35. g5 h6 36. gxh6+ Kxh6 37. Rf3 Kg7 38. Ne4 Rb5 39. Ba8 Nxa8 0-1

[Event "Pere Noel"]
[Site "Montreal CAN"]
[Date "2005.12.30"]
[Round "5"]
[White "Ye, Ling Feng"]
[Black "Arsenault, Nicolas"]
[Result "1/2-1/2"]
[WhiteElo "2091"]
[BlackElo "2019"]
[PlyCount "41"]
[GameId "2160767910838139"]
[EventDate "2005.12.26"]
[EventType "swiss"]
[EventRounds "5"]
[EventCountry "CAN"]
[SourceTitle "EXT 2007"]
[Source "ChessBase"]
[SourceDate "2006.11.23"]
[SourceVersion "1"]
[SourceVersionDate "2006.11.23"]
[SourceQuality "1"]

1. e4 e6 2. d4 d5 3. Nd2 c5 4. exd5 exd5 5. Ngf3 Nf6 6. Bb5+ Bd7 7. Bxd7+ Nbxd7 8. O-O Be7 9. dxc5 Nxc5 10. Nb3 Nce4 11. Nfd4 Qd7 12. c3 O-O 13. Bf4 Bd6 14. Bxd6 Nxd6 15. Nc2 Nc4 16. Qc1 Rfe8 17. Nd2 Ne5 18. Nd4 Rac8 19. N2f3 Nc4 20. Nd2 Ne5 21. N2f3 1/2-1/2

[Event "Perpetuelles 13-26"]
[Site "Sherbrooke CAN"]
[Date "2005.01.21"]
[Round "2"]
[White "Viens, Nicolas"]
[Black "Beaudry, Marc-Andre"]
[Result "1/2-1/2"]
[WhiteElo "1307"]
[BlackElo "1415"]
[PlyCount "121"]
[GameId "2160767911031625"]
[EventDate "2005.01.14"]
[EventType "swiss"]
[EventRounds "5"]
[EventCountry "CAN"]

1. c4 c5 2. Nc3 d6 3. e3 g6 4. d4 cxd4 5. exd4 Bg7 6. Nf3 Nf6 7. Be2 O-O 8. O-O Bd7 9. Be3 Re8 10. Qd2 Bc6 11. d5 Bd7 12. Bh6 Bg4 13. Bxg7 Kxg7 14. Rfe1 Bxf3 15. Bxf3 Nbd7 16. Nb5 Ne5 17. Be2 Kg8 18. Bf1 a6 19. Nd4 Rc8 20. b3 Qb6 21. Rad1 Ned7 22. Qg5 Qd8 23. Nf5 Nc5 24. Nh6+ Kf8 25. Rd4 e5 26. Rh4 Ng8 27. Qg3 Nxh6 28. Rxh6 Kg7 29. Qh3 Rh8 30. Re3 f5 31. Rg3 Qf6 32. Qh4 Qxh4 33. Rxh4 Ne4 34. Rd3 g5 35. Rhh3 h5 36. Rhe3 Nc5 37. Rd2 a5 38. a3 f4 39. Re1 Nxb3 40. Rb2 a4 41. Bd3 Rhf8 42. Bc2 Rxc4 43. Bxb3 axb3 44. Rxb3 Rc7 45. f3 g4 46. Reb1 Rff7 47. a4 Kf6 48. a5 Kf5 49. Rb6 e4 50. fxe4+ Kxe4 51. Rxd6 Rc5 52. Re1+ Kd3 53. Rf1 Rxa5 54. Re6 Rd7 55. d6 Rd5 56. Rd1+ Kc4 57. Rxd5 Kxd5 58. Rh6 Rxd6 59. Rxd6+ Kxd6 60. Kf2 b5 61. Ke2 1/2-1/2

[Event "Printanier"]
[Site "Montreal CAN"]
[Date "2005.05.21"]
[Round "1"]
[White "Bolduc, Steve"]
[Black "Gauthier, Denis"]
[Result "1-0"]
[WhiteElo "2233"]
[BlackElo "1929"]
[PlyCount "101"]
[GameId "2160767910968219"]
[EventDate "2005.05.21"]
[EventType "swiss"]
[EventRounds "1"]
[EventCountry "CAN"]

1. d4 Nf6 2. c4 e6 3. Nc3 Bb4 4. e3 O-O 5. Bd3 d5 6. Nge2 dxc4 7. Bxc4 c5 8. O-O Nc6 9. a3 Bxc3 10. bxc3 Qe7 11. a4 b6 12. Ba3 Rd8 13. Ng3 Bb7 14. Qe2 Qc7 15. Bd3 Ne7 16. Rfc1 Rac8 17. a5 c4 18. Bxc4 Qxc4 19. Qxc4 Rxc4 20. Bxe7 Rdc8 21. Bxf6 gxf6 22. axb6 axb6 23. Ne2 Be4 24. Rd1 b5 25. f3 Bc2 26. Rd2 Ba4 27. e4 Kf8 28. Kf2 Ke7 29. Rg1 Bb3 30. Rb2 Ba4 31. g4 h6 32. Ke3 Rg8 33. Kd2 Rgc8 34. Rc1 Rg8 35. Rb4 Rb8 36. Rcb1 Rbc8 37. Rxc4 Rxc4 38. Nf4 Kd6 39. Nd3 Rc8 40. Nc5 Ra8 41. Ra1 Kc6 42. c4 Rb8 43. Kc3 h5 44. gxh5 Rh8 45. Nxa4 bxa4 46. Rxa4 Rxh5 47. Ra7 Rxh2 48. Rxf7 Rh6 49. Kb4 Kd6 50. c5+ Kc6 51. Kc4 1-0

[Event "Quebec City-ch"]
[Site "Quebec CAN"]
[Date "2005.08.20"]
[Round "1"]
[White "Audet-Bouchard, Nicolas"]
[Black "St Amand, Paul Jr"]
[Result "1-0"]
[WhiteElo "2146"]
[BlackElo "2062"]
[PlyCount "95"]
[GameId "2160767910900576"]
[EventDate "2005.08.20"]
[EventType "tourn"]
[EventRounds "7"]
[EventCountry "CAN"]
[SourceTitle "EXT 2007"]
[Source "ChessBase"]
[SourceDate "2006.11.23"]
[SourceVersion "1"]
[SourceVersionDate "2006.11.23"]
[SourceQuality "1"]

1. e4 c5 2. Nf3 d6 3. d4 cxd4 4. Nxd4 Nf6 5. Nc3 a6 6. Be3 e5 7. Nb3 Be6 8. f4 exf4 9. Bxf4 Nc6 10. Qd2 Rc8 11. O-O-O Ne5 12. Be2 Qc7 13. Nd4 Be7 14. Rhf1 O-O 15. Bg5 Ned7 16. Nf5 Bxf5 17. Rxf5 b5 18. a3 Rfe8 19. Rdf1 Qb7 20. Qd4 Qb6 21. Qxb6 Nxb6 22. Be3 Nbd7 23. Bd4 Bd8 24. Rg5 g6 25. Bd3 Re6 26. Rg3 Bb6 27. Bxb6 Nxb6 28. e5 dxe5 29. Bf5 Rxc3 30. Bxe6 Rc6 31. Rxf6 fxe6 32. Rgf3 Nd5 33. Rf8+ Kg7 34. R3f7+ Kh6 35. Rh8 Kg5 36. Rhxh7 e4 37. Rh3 e3 38. Rg3+ Kh6 39. c3 e5 40. Rd7 e2 41. Kd2 Nb6 42. Re7 Nc4+ 43. Kxe2 Nxb2 44. h4 Na4 45. Kd2 Nb6 46. Re8 Nc4+ 47. Ke2 Nd6 48. Re6 1-0

[Event "Quebec City-ch"]
[Site "Quebec CAN"]
[Date "2005.08.20"]
[Round "1"]
[White "Berube, Antoine"]
[Black "Lessard, Claude"]
[Result "0-1"]
[WhiteElo "2272"]
[BlackElo "1969"]
[PlyCount "78"]
[GameId "2160767910900577"]
[EventDate "2005.08.20"]
[EventType "tourn"]
[EventRounds "7"]
[EventCountry "CAN"]
[SourceTitle "EXT 2007"]
[Source "ChessBase"]
[SourceDate "2006.11.23"]
[SourceVersion "1"]
[SourceVersionDate "2006.11.23"]
[SourceQuality "1"]

1. d4 Nf6 2. c4 g6 3. Nc3 Bg7 4. e4 d6 5. f3 O-O 6. Be3 Nc6 7. Nge2 Na5 8. Nc1 e5 9. d5 b6 10. b4 Nb7 11. Nd3 Qe7 12. Bg5 h6 13. Bh4 a5 14. a3 g5 15. Bf2 axb4 16. axb4 Rxa1 17. Qxa1 Nh5 18. Qa7 Nf4 19. Kd2 Qd7 20. g3 Nxd3 21. Bxd3 g4 22. Nb5 gxf3 23. Qb8 Qh3 24. Qxc7 Qg2 25. Rf1 f5 26. Ke1 fxe4 27. Bxe4 Qxh2 28. Nxd6 Nxd6 29. Qxd6 Bh3 30. Rg1 Ra8 31. Qg6 Ra1+ 32. Bb1 Bd7 33. Qh7+ Kf8 34. Qe4 Rxb1+ 35. Qxb1 e4 36. Qc1 Bd4 37. Qd2 e3 38. Bxe3 Bc3 39. Bxh6+ Kf7 0-1

[Event "Quebec City-ch"]
[Site "Quebec CAN"]
[Date "2005.08.20"]
[Round "1"]
[White "Caire, Francois"]
[Black "Auger, Bertrand"]
[Result "1-0"]
[WhiteElo "2208"]
[BlackElo "1996"]
[PlyCount "80"]
[GameId "2160767910900578"]
[EventDate "2005.08.20"]
[EventType "tourn"]
[EventRounds "7"]
[EventCountry "CAN"]
[SourceTitle "EXT 2007"]
[Source "ChessBase"]
[SourceDate "2006.11.23"]
[SourceVersion "1"]
[SourceVersionDate "2006.11.23"]
[SourceQuality "1"]

1. d4 e6 2. Nf3 Nf6 3. c4 b6 4. Nc3 Bb7 5. a3 c5 6. d5 exd5 7. cxd5 d6 8. e4 a6 9. Bd3 Be7 10. a4 O-O 11. O-O Re8 12. Bc4 Bf8 13. Re1 Nbd7 14. h3 g6 15. Bf4 Nh5 16. Bh2 Ne5 17. Nxe5 dxe5 18. Qd2 Bd6 19. Ra3 Kh8 20. Rb3 Nf6 21. f4 Nd7 22. f5 Rg8 23. Rf1 g5 24. f6 Rg6 25. Ne2 Rxf6 26. Rxf6 Qxf6 27. Ng3 Qg6 28. Nf5 Bf8 29. Rg3 h6 30. h4 g4 31. h5 Qxh5 32. Qe2 Nf6 33. Rb3 b5 34. Bxe5 Bg7 35. Bxf6 Bxf6 36. Rh3 Bd4+ 37. Nxd4 Qg5 38. Rg3 cxd4 39. Bb3 Qc1+ 40. Kh2 Rg8 1-0

[Event "Quebec City-ch"]
[Site "Quebec CAN"]
[Date "2005.08.26"]
[Round "1"]
[White "Beaudoin, Stephane"]
[Black "Valley, Michel"]
[Result "0-1"]
[WhiteElo "2087"]
[BlackElo "2002"]
[PlyCount "64"]
[GameId "2160767910900579"]
[EventDate "2005.08.20"]
[EventType "tourn"]
[EventRounds "7"]
[EventCountry "CAN"]
[SourceTitle "EXT 2007"]
[Source "ChessBase"]
[SourceDate "2006.11.23"]
[SourceVersion "1"]
[SourceVersionDate "2006.11.23"]
[SourceQuality "1"]

1. e4 c5 2. Nf3 d6 3. d4 cxd4 4. Nxd4 Nf6 5. Nc3 g6 6. Be3 Bg7 7. f3 O-O 8. Qd2 Nc6 9. O-O-O Nxd4 10. Bxd4 Be6 11. Nd5 Bxd5 12. exd5 Qc7 13. g3 a6 14. Bh3 b5 15. Rhe1 b4 16. Kb1 Rab8 17. Bxf6 Bxf6 18. Re4 a5 19. Bf1 a4 20. Rc1 Qb7 21. Bh3 Qa7 22. Rc4 b3 23. a3 bxc2+ 24. R1xc2 Rb3 25. f4 Rfb8 26. Rc8+ Kg7 27. Rxb8 Qxb8 28. Ka2 Rxa3+ 29. Kb1 Rb3 30. g4 a3 31. g5 Bxb2 32. Qg2 a2+ 0-1

[Event "Quebec City-ch"]
[Site "Quebec CAN"]
[Date "2005.08.21"]
[Round "2"]
[White "Berube, Antoine"]
[Black "Beaudoin, Stephane"]
[Result "0-1"]
[WhiteElo "2272"]
[BlackElo "2087"]
[PlyCount "98"]
[GameId "2160767910900580"]
[EventDate "2005.08.20"]
[EventType "tourn"]
[EventRounds "7"]
[EventCountry "CAN"]
[SourceTitle "EXT 2007"]
[Source "ChessBase"]
[SourceDate "2006.11.23"]
[SourceVersion "1"]
[SourceVersionDate "2006.11.23"]
[SourceQuality "1"]

1. e4 g6 2. d4 Bg7 3. c4 d6 4. Nc3 Nf6 5. f3 O-O 6. Be3 Nc6 7. Nge2 e5 8. d5 Ne7 9. Qd2 a6 10. h4 h5 11. Bg5 Nh7 12. Bh6 Bd7 13. g4 Bxh6 14. Qxh6 hxg4 15. fxg4 Kh8 16. Kd2 b5 17. Ng3 Rb8 18. cxb5 axb5 19. b4 c5 20. a3 Ra8 21. Be2 Rxa3 22. Rxa3 cxb4 23. Rb3 bxc3+ 24. Rxc3 Qa5 25. Qe3 b4 26. Rcc1 b3+ 27. Qc3 Qa2+ 28. Ke3 Nf6 29. Qa1 Nexd5+ 30. exd5 Nxd5+ 31. Kf2 Qd2 32. Qa7 Bxg4 33. Rhf1 b2 34. Rcd1 Qf4+ 35. Kg2 Ne3+ 36. Qxe3 Qxe3 37. Bxg4 f5 38. Rxd6 Rc8 39. Rxg6 Rc2+ 40. Kh3 fxg4+ 41. Kxg4 Rc1 42. Rf8+ Kh7 43. Kh5 Qf4 44. Rxf4 exf4 45. Rh6+ Kg8 46. Rb6 b1=Q 47. Rxb1 Rxb1 48. Ne4 Rg1 49. Nf6+ Kh8 0-1

[Event "Quebec City-ch"]
[Site "Quebec CAN"]
[Date "2005.08.21"]
[Round "2"]
[White "Lessard, Claude"]
[Black "Auger, Bertrand"]
[Result "1-0"]
[WhiteElo "1969"]
[BlackElo "1996"]
[PlyCount "41"]
[GameId "2160767910900581"]
[EventDate "2005.08.20"]
[EventType "tourn"]
[EventRounds "7"]
[EventCountry "CAN"]
[SourceTitle "EXT 2007"]
[Source "ChessBase"]
[SourceDate "2006.11.23"]
[SourceVersion "1"]
[SourceVersionDate "2006.11.23"]
[SourceQuality "1"]

1. d4 e6 2. c4 Nf6 3. Nc3 Bb4 4. Qc2 O-O 5. Nf3 b6 6. g3 Bb7 7. Bg2 c5 8. dxc5 Bxc5 9. O-O Nc6 10. a3 Nd4 11. Nxd4 Bxg2 12. Nxe6 fxe6 13. Kxg2 Qc7 14. f3 d5 15. cxd5 exd5 16. Bg5 Bd4 17. Bxf6 Rxf6 18. Qb3 Qc4 19. Qxc4 dxc4 20. Rad1 Be3 21. Nd5 1-0